000
00354nam a2200145 a 4500
001
31315
005
20180713234710.0
008
140415s1980 mx 000 0 spa d
041
_a
spa
082
_a
370.07
_b
ANU
245
0
0
_a
TECNOLOGIA DIDACTICA
250
_a
1RA
260
_a
MEXICO :
_b
PAIDOS,
_c
1980
300
_a
326
_c
16 x 2 x 22
999
_c
31315
_d
31315